00588nam a2200169 a 450000100100000000500170001000800410002702000150006804000250008308200150010810000320012324500550015526000500021030000280026095201130028899900170040100003557320200930074437.0111103s1993 ohua 000 0 spa d a0891344624 aDO-SdBNPbspacBNPHU axxxbW119p1 aWade, Robert,d1930-96147410aPainting your vision in watercolor /cRobert Wade. aCincinnati, Ohio :bNorth Light Books,c1993. a135 p. :bil. ;c29 cm. 001050718MOaGRbGRcCTd2011-11-03iLF1l0oxxx W119pp35573-10r2020-06-25w2020-06-25y1ZNo se presta c35064d35064